000 00443nam a2200181Ia 4500
005 20230322105106.0
008 131103s9999 xx 000 0 und d
040 _aLoreto College
041 _aEnglish
082 _a822.91
_bGAL
100 _aGalsworthy,John
245 _aLoyalties
_cJohn Galsworthy
260 _aLondon
_bGerald Duckworth
_c1960
300 _a[4],80 p.
504 _aIncludes glossary
850 _aLCLIB
942 _cBK
999 _c4254
_d54733